<?xml version="1.0" encoding="UTF-8"?>
<marc:record xmlns:marc="http://www.loc.gov/MARC21/slim">
   <marc:leader>00000nam a2200000 a 4500</marc:leader>
   <marc:datafield ind1="1" ind2=" " tag="100">
      <marc:subfield code="a">Kromhout, Rindert</marc:subfield>
      <marc:subfield code="4">aut</marc:subfield>
      <marc:subfield code="e">Verfasser/-in</marc:subfield>
   </marc:datafield>
   <marc:datafield ind1="0" ind2="0" tag="245">
      <marc:subfield code="a">Frau Dachs und Herr Pinguin</marc:subfield>
   </marc:datafield>
   <marc:datafield ind1="0" ind2="0" tag="245">
      <marc:subfield code="c">Rindert Kromhout</marc:subfield>
   </marc:datafield>
   <marc:datafield ind1=" " ind2="1" tag="264">
      <marc:subfield code="a">Hamburg</marc:subfield>
      <marc:subfield code="b">Dragonfly</marc:subfield>
      <marc:subfield code="c">2024</marc:subfield>
   </marc:datafield>
   <marc:datafield ind1=" " ind2=" " tag="250">
      <marc:subfield code="a">1. Auflage, deutsche Erstausgabe</marc:subfield>
   </marc:datafield>
   <marc:datafield ind1="1" ind2=" " tag="520">
      <marc:subfield code="a">Unterschiede sind manchmal zum Verlieben&#xD;
Frau Dachs und Herr Pinguin sind Nachbarn, und sie sind sehr unterschiedlich. Die eine liebt Blumen und ihren verwilderten Garten, der andere mag Ordnung und Sauberkeit. Trotz der großen Unterschiede stellen sie fest, dass sie vieles miteinander teilen können und es Spaß macht, sich gegenseitig etwas Neues zu zeigen. Bis sie merken, dass sie sich zu sehr für den anderen verändert haben und es besser ist, wenn beide so bleiben wie sie sind. Genau deshalb mögen sie sich nämlich so sehr!&#xD;
Ein Bilderbuch, das visuell wunderbar verdeutlicht, dass sich Gegensätze nicht abgrenzen müssen, sondern sich bereichern&#xD;
&#xD;
Akzeptanz und Miteinander bei allen Unterschieden - ein Plädoyer für Vielfalt&#xD;
&#xD;
Zweigeteilte Bildaufteilung und zeitlose, kunterbunte Gestaltung</marc:subfield>
   </marc:datafield>
   <marc:datafield ind1=" " ind2=" " tag="020">
      <marc:subfield code="a">9783748802433</marc:subfield>
      <marc:subfield code="9">9783748802433</marc:subfield>
   </marc:datafield>
   <marc:datafield ind1=" " ind2=" " tag="020">
      <marc:subfield code="a">3748802439</marc:subfield>
      <marc:subfield code="9">3748802439</marc:subfield>
   </marc:datafield>
   <marc:datafield ind1=" " ind2=" " tag="041">
      <marc:subfield code="a">ger</marc:subfield>
   </marc:datafield>
</marc:record>
